Tantiémy v akciových spoločnostiach

V súčasnom období o tantiémach pojednáva Obchodný zákonník a to len v rámci ustanovení o akciovej spoločnosti. Podiel členov predstavenstva a členov dozornej rady na zisku (tantiému) môže určiť valné zhromaždenie zo zisku určeného na rozdelenie. Tantiémy a iné druhy odmien členov štatutárneho orgánu...

ver descrição completa

Na minha lista:
Detalhes bibliográficos
Autor principal: Fekete, Imrich
Formato: Capítulo de Livro
Idioma:eslovaco
Assuntos:
Tags: Adicionar Tag
Sem tags, seja o primeiro a adicionar uma tag!

MARC

LEADER 00000naa a2200000 4500
001 r026734
005 20230919113147.2
041 0 |a slo 
044 |a SK 
245 1 0 |a Tantiémy v akciových spoločnostiach  |c Imrich Fekete 
520 |a V súčasnom období o tantiémach pojednáva Obchodný zákonník a to len v rámci ustanovení o akciovej spoločnosti. Podiel členov predstavenstva a členov dozornej rady na zisku (tantiému) môže určiť valné zhromaždenie zo zisku určeného na rozdelenie. Tantiémy a iné druhy odmien členov štatutárneho orgánu. Zisk akciovej spoločnosti určený na rozdelenie. Rozhodnutie o výplate tantiém. Určenie výšky tantiém. Účtovanie tantiém. Zdaňovanie tantiém. 
610 2 0 |a tantiémy 
610 2 0 |a spoločnosti akciové 
610 2 0 |a zisk 
610 2 0 |a podiely na zisku 
610 2 0 |a odmeny 
610 2 0 |a orgány štatutárne 
610 2 0 |a rozdeľovanie zisku 
100 1 |a Fekete, Imrich